BCIS five year forecast (Record no. 102963)
[ view plain ]
| 000 -LEADER | |
|---|---|
| fixed length control field | 01780cam a2200361 4500 |
| 001 - CONTROL NUMBER | |
| control field | J122952 |
| 008 - FIXED-LENGTH DATA ELEMENTS--GENERAL INFORMATION | |
| fixed length control field | #DATE n2000 000 0 eng u |
| 035 ## - SYSTEM CONTROL NUMBER | |
| System control number | (Sirsi) u122952 |
| 041 ## - LANGUAGE CODE | |
| Language code of text/sound track or separate title | eng |
| 050 ## - LIBRARY OF CONGRESS CALL NUMBER | |
| Classification number | 692.5 |
| -- | 18 |
| 110 ## - MAIN ENTRY--CORPORATE NAME | |
| Corporate name or jurisdiction name as entry element | Building Cost Information Service |
| 9 (RLIN) | 1096 |
| 245 ## - TITLE STATEMENT | |
| Title | BCIS five year forecast |
| 260 ## - PUBLICATION, DISTRIBUTION, ETC. | |
| Place of publication, distribution, etc. | London |
| Name of publisher, distributor, etc. | BCIS |
| Date of publication, distribution, etc. | 2000- |
| 490 ## - SERIES STATEMENT | |
| Series statement | BCIS Bulletin Service |
| 490 ## - SERIES STATEMENT | |
| Series statement | BCIS Five Year Forecast |
| 505 ## - FORMATTED CONTENTS NOTE | |
| Formatted contents note | Briefing : building cost trends ; executive summary ; latest trends ; economic background ; inflation ; growth ; interest rates ; materials ; prices ; labour ; earnings, wages and rates; overheads ; market conditions ; output ; orders ; housing ; output forecasts ; tender levels ; long term trends ; tender price forecast ; asumptions ; notes |
| 505 ## - FORMATTED CONTENTS NOTE | |
| Formatted contents note | Tender prices and input costs : All-in tender price index ; Market conditions index ; General Building Costs ; Excluding m and e ; labour ; materials |
| 505 ## - FORMATTED CONTENTS NOTE | |
| Formatted contents note | Notes and definitions |
| 520 ## - SUMMARY, ETC. | |
| Summary, etc. | Annual publication from the Building Cost Information Service (BCIS) which takes a longer view and produces a commentary and five year forecast of tender prices and building costs. Filed in "BCIS bulletin service" Binder 1. |
| 650 ## - SUBJECT ADDED ENTRY--TOPICAL TERM | |
| Topical term or geographic name entry element | BCIS ALL-IN TENDER PRICE INDEX |
| 650 ## - SUBJECT ADDED ENTRY--TOPICAL TERM | |
| Topical term or geographic name entry element | BCIS GENERAL BUILDING COST INDEX |
| 650 ## - SUBJECT ADDED ENTRY--TOPICAL TERM | |
| Topical term or geographic name entry element | BCIS GENERAL BUILDING COST (EXCLUDING M AND E) INDEX |
| 650 ## - SUBJECT ADDED ENTRY--TOPICAL TERM | |
| Topical term or geographic name entry element | BCIS LABOUR COST INDEX |
| 650 ## - SUBJECT ADDED ENTRY--TOPICAL TERM | |
| Topical term or geographic name entry element | BCIS MARKET CONDITIONS INDEX |
| 650 ## - SUBJECT ADDED ENTRY--TOPICAL TERM | |
| Topical term or geographic name entry element | BCIS MATERIALS COST INDEX |
| 650 ## - SUBJECT ADDED ENTRY--TOPICAL TERM | |
| Topical term or geographic name entry element | BUILT ENVIRONMENT-BUILDING COSTS |
| 650 ## - SUBJECT ADDED ENTRY--TOPICAL TERM | |
| Topical term or geographic name entry element | BUILDING INDUSTRY |
| 650 ## - SUBJECT ADDED ENTRY--TOPICAL TERM | |
| Topical term or geographic name entry element | CONSTRUCTION INDUSTRY |
| 650 ## - SUBJECT ADDED ENTRY--TOPICAL TERM | |
| Topical term or geographic name entry element | CONSTRUCTION FORECASTS |
| 650 ## - SUBJECT ADDED ENTRY--TOPICAL TERM | |
| Topical term or geographic name entry element | CONSTRUCTION INDICATORS |
| 690 ## - LOCAL SUBJECT ADDED ENTRY--TOPICAL TERM (OCLC, RLIN) | |
| Topical term or geographic name as entry element | BUILT ENVIRONMENT-BUILDING COSTS |
| 942 ## - ADDED ENTRY ELEMENTS (KOHA) | |
| Suppress in OPAC | 0 |
No items available.